000 00361nam a2200133Ia 4500
008 151001s9999||||xx |||||||||||||| ||und||
100 _aशर्मा गोपाल
245 _aआओ खेले नाटक
250 _a2
260 _bमुकेश पुस्तक निलय
260 _c2008
300 _a96
365 _b21
999 _c992443
_d992440